Sports Quiz

Random Sports or NBA Quiz

NBA Player Face Merges Quiz Stats

 Plays Quiz not verified by Sporcle

Challenge
Share
Tweet
Score 0/20 Timer 08:00
7 Plays Today
% Correct
Michael Jordan
95.8%
Dwyane Wade
90.2%
Tim Duncan
90%
Russell Westbrook
88.8%
Dwight Howard
88.4%
Kevin Durant
79.6%
Paul George
79.4%
Kevin Love
77.8%
DeAndre Jordan
77.6%
Joakim Noah
67.7%
% Correct
Nicolas Batum
67.1%
Andre Drummond
62.3%
Dennis Schröder
56.1%
Shaun Livingston
55.6%
Dion Waiters
49.3%
Victor Oladipo
47.5%
Brandon Knight
44.1%
Joel Embiid
41.9%
Avery Bradley
37.8%
Terrence Ross
24.1%

You're not logged in!

Compare scores with friends on all Sporcle quizzes.
OR
Log In

You Might Also Like...

Show Comments

Extras

Top Quizzes Today


Score Distribution

Your Account Isn't Verified!

In order to create a playlist on Sporcle, you need to verify the email address you used during registration. Go to your Sporcle Settings to finish the process.

Report this User

Report this user for behavior that violates our Community Guidelines.

Details: